Imaginary conversations / (Record no. 157001)
[ view plain ]
| 000 -LEADER | |
|---|---|
| campo de control de longitud fija | 01046nam a22002535i 4500 |
| 001 - NÚMERO DE CONTROL | |
| campo de control | 157001 |
| 003 - IDENTIFICADOR DE NÚMERO DE CONTROL | |
| campo de control | ES-MaACL |
| 005 - FECHA Y HORA DE LA ÚLTIMA TRANSACCIÓN | |
| campo de control | 20230906210543.0 |
| 008 - DATOS DE LONGITUD FIJA--INFORMACIÓN GENERAL | |
| campo de control de longitud fija | 040723q18821885xxk |||| | eng d |
| 040 ## - FUENTE DE CATALOGACIÓN | |
| Centro catalogador/agencia de origen | CAM |
| Lengua de catalogación | spa |
| Centro/agencia transcriptor | CAM |
| 100 1# - ENTRADA PRINCIPAL--NOMBRE DE PERSONA | |
| Nombre de persona | Landor, Walter Savage. |
| 9 (RLIN) | 128658 |
| 245 10 - MENCIÓN DEL TÍTULO | |
| Título | Imaginary conversations / |
| Mención de responsabilidad, etc. | by Walter Savage Landor. |
| 260 ## - PUBLICACIÓN, DISTRIBUCIÓN, ETC. | |
| Lugar de publicación, distribución, etc. | London : |
| Nombre del editor, distribuidor, etc. | George Routledge & Sons ; |
| Lugar de publicación, distribución, etc. | New York : |
| Nombre del editor, distribuidor, etc. | E.P. Dutton & Co., |
| Fecha de publicación, distribución, etc. | [s.a.] ( |
| Fabricante | Richard Clay & Sons) |
| 300 ## - DESCRIPCIÓN FÍSICA | |
| Extensión | 2 v. (VIII, 472 ; VI, 441 p.) ; |
| Dimensiones | 16 cm. |
| 490 1# - MENCIÓN DE SERIE | |
| Mención de serie | The new universal library |
| 490 1# - MENCIÓN DE SERIE | |
| Mención de serie | The works of Walter Savage Landor ; |
| Designación de volumen o secuencia | 1 |
| 505 8# - NOTA DE CONTENIDO CON FORMATO | |
| Nota de contenido con formato | T. I. Classical dialogues -- T. II. Dialogues of sovereigns and statesmen |
| 596 ## - NOTA AL PIE DE IMPRENTA | |
| NOTA AL PIE DE IMPRENTA | El ed. y el imp. ejercen juntos ca. 1882-1885, según la información encontrada en CCPB. |
| 752 ## - ENTRADA AGREGADA--NOMBRE JERÁRQUICO DEL LUGAR | |
| País o entidad superior | Gran Bretaña - |
| Jurisdicción política intermedia | Londres |
| 830 0# - PUNTO DE ACCESO ADICIONAL DE SERIE-TÍTULO UNIFORME | |
| Título uniforme | The new universal library |
| 9 (RLIN) | 187927 |
| 830 0# - PUNTO DE ACCESO ADICIONAL DE SERIE-TÍTULO UNIFORME | |
| Título uniforme | The works of Walter Savage Landor ; |
| Designación de volumen o secuencia | 1 |
| 9 (RLIN) | 221744 |
| 852 ## - LOCALIZACIÓN | |
| Ubicación | ES-MaACL |
| Número de control de estantería | G-14923-14924 |
| Nota libre | -- Enc. ed. en tela |
| Estatus retirado | Estado de pérdida | Estado de daño | No para préstamo | Biblioteca de origen | Biblioteca actual | Ubicación en estantería | Fecha de adquisición | Fuente de adquisición | Total de préstamos | Signatura topográfica completa | Código de barras | Visto por última vez | Precio de reemplazo | Tipo de ítem Koha |
|---|---|---|---|---|---|---|---|---|---|---|---|---|---|---|
| Biblioteca del Ateneo de Madrid | Biblioteca del Ateneo de Madrid | Sala Pecera Planta 3 | 17/01/2008 | G-14923-14924 | 1164267 | 23/02/2023 | 23/02/2023 | Libro impreso |
